LEADER 00906nam0-22003131i-450- 001 990004242890403321 005 20140610123210.0 035 $a000424289 035 $aFED01000424289 035 $a(Aleph)000424289FED01 035 $a000424289 100 $a19990604d1994----km-y0itay50------ba 101 0 $aita 105 $aa-------00-y- 200 1 $a<>ROTOLO librario$efabbricazione, restauro, organizzazione interna$fa cura di Mario Capasso 210 $aGalatina(LE)$cCongedo$d1994 215 $a258 p.$cill.$d25 cm 225 1 $aPapyrologica Lupiensia$v3 610 0 $aPapirologia 676 $a025.7$v21$zita 676 $a481.1$v21$zita 702 1$aCapasso,$bMario 801 0$aIT$bUNINA$gRICA$2UNIMARC 901 $aBK 912 $a990004242890403321 952 $aP2B-140-CAPASSO M.-1994$bBibl. 25737$fFLFBC 959 $aFLFBC 996 $aRotolo librario$9168005 997 $aUNINA LEADER 01351nam 2200373Ia 450 001 996396591103316 005 20200824124854.0 035 $a(CKB)4330000000349984 035 $a(EEBO)2264205844 035 $a(OCoLC)ocm12092257e 035 $a(OCoLC)12092257 035 $a(EXLCZ)994330000000349984 100 $a19850529d1651 uy | 101 0 $aeng 135 $aurbn||||a|bb| 200 14$aThe soveraignty of the British seas$b[electronic resource] $eproved by records, history, and the municipall lawes of this kingdome /$fwritten in the yeare 1633, by that learned knight, Sr John Boroughs .. 210 $aLondon $cPrinted for Humphrey Moseley ...$d1651 215 $a[10], 165 p 300 $aThis item is identified as Wing B6129 at reel 885:20 and as Wing B3774 at reel 976:3 (number cancelled in Wing 2nd ed.). 300 $aReproduction of originals in British Library and Cambridge University Library. 330 $aeebo-0018 606 $aSea-power 607 $aGreat Britain$xHistory, Naval$vEarly works to 1800 615 0$aSea-power. 700 $aBorough$b John$cSir,$fd. 1643.$01005776 801 0$bEAA 801 1$bEAA 801 2$bm/c 801 2$bUMI 801 2$bWaOLN 906 $aBOOK 912 $a996396591103316 996 $aThe soveraignty of the British seas$92313208 997 $aUNISA LEADER 01588oam 2200529 450 001 9910716541103321 005 20230321100655.0 035 $a(CKB)5470000002522746 035 $a(OCoLC)1257795530 035 $a(OCoLC)995470000002522746 035 $a(EXLCZ)995470000002522746 100 $a20210628d2021 ua 0 101 0 $aeng 135 $aurbn||||m|||| 181 $ctxt$2rdacontent 182 $cc$2rdamedia 183 $acr$2rdacarrier 200 13$aAn Act to Amend Title 5, United States Code, to Designate Juneteenth National Independence Day as a Legal Public Holiday 210 1$a[Washington, D.C.] :$c[U.S. Government Publishing Office],$d[2021] 215 $a1 online resource (1 unnumbered leaf) 300 $a"June 17, 2021 (S. 475)." 300 $a"135 Stat. 287." 300 $a"Public Law 117-17." 606 $aJuneteenth 606 $aHolidays$zUnited States 606 $aHolidays$2fast 606 $aJuneteenth$2fast 607 $aUnited States$2fast 608 $aStatutes and codes.$2fast 608 $aStatutes and codes.$2lcgft 615 0$aJuneteenth. 615 0$aHolidays 615 7$aHolidays. 615 7$aJuneteenth. 801 0$bGPO 801 1$bGPO 801 2$bOCLCO 801 2$bBVA 801 2$bOCLCF 801 2$bOCLCQ 801 2$bGPO 801 2$bOCLCO 801 2$bGPO 906 $aBOOK 912 $a9910716541103321 996 $aAn Act to Amend Title 5, United States Code, to Designate Juneteenth National Independence Day as a Legal Public Holiday$93481349 997 $aUNINA